Transcaucasian boundaries
Saved in:
| Other Authors: | , , |
|---|---|
| Format: | Book |
| Language: | English |
| Published: |
London :
UCL Press,
c1996
|
| Series: | SOAS/GRC geopolitics series ;
; 4 |
| Subjects: | |
| Tags: |
Add Tag
No Tags, Be the first to tag this record!
|
MARC
| LEADER | 00000nam a2200000 i 4500 | ||
|---|---|---|---|
| 001 | 1/5237 | ||
| 008 | 000602s1996 eng d | ||
| 020 | |a 1-85728-235-3 | ||
| 035 | |l 10061513 | ||
| 040 | |a GR-MY-UA |b gre |e aacr | ||
| 041 | 0 | |a eng | |
| 082 | 0 | |a 947.9 | |
| 245 | 1 | 0 | |a Transcaucasian boundaries / |c Edited by John F.R. Wright, Suzanne Goldenberg, Richard Schofield |
| 260 | |a London : |b UCL Press, |c c1996 | ||
| 300 | |a 237 p. |b tabl. | ||
| 490 | 1 | |a SOAS/GRC geopolitics series |v ; 4 | |
| 504 | |a Includes bibliographical references and index | ||
| 651 | 0 | |a Transcaucasia |x Boundaries. | |
| 651 | 0 | |a Transcaucasia |x Foreign relations. | |
| 651 | 0 | |a Transcaucasia |x Ethnic relations. | |
| 700 | 1 | |a Wright, John F. R. |4 edt | |
| 700 | 1 | |a Goldenberg, Suzanne |d 1962- |4 edt | |
| 700 | 1 | |a Schofield, Richard N. |4 edt | |
| 830 | 0 | |a SOAS/GRC geopolitics series ; |v ; 4 | |
| 852 | |a INST |b LESVOS |e 20000602 |h 947.9 TRA |p 005100024128 |q 005100024128 |t BK |y 0 | ||
| 901 | |a BIBL1-2000-2 | ||
| 909 | |a Λ |b 080151 | ||
| 922 | |a 1ΕΛΗ |b 200005 |c ΚΠΣ/ΤΓ |d LEADER | ||
| 950 | |a 118-1999-09-20 | ||
| 970 | |a ΜΟΥΣΤΑΚΑ |b ΠΗΝΕΛΟΠΗ |z 2000/06/07 | ||